[Event "British Columbia-ch"]
[Site "Vancouver CAN"]
[Date "2022.10.09"]
[Round "4.2"]
[White "McLaren, Brian"]
[Black "Kaufman, Raymond"]
[Result "0-1"]
[WhiteElo "2107"]
[BlackElo "2329"]
[PlyCount "84"]
[EventDate "2022.10.07"]
[EventType "tourn"]
[EventRounds "7"]
[EventCountry "CAN"]

1. e4 c5 2. Nc3 Nc6 3. g3 g6 4. Bg2 Bg7 5. Nge2 Nf6 6. O-O d6 7. d3 O-O 8. f4
Rb8 9. h3 Nd7 10. f5 b5 11. Nf4 Nde5 12. g4 c4 13. Be3 cxd3 14. cxd3 b4 15.
Nce2 a5 16. Rc1 Ba6 17. Qd2 Rc8 18. g5 a4 19. b3 axb3 20. axb3 Nd7 21. Nd5 Re8
22. f6 Bf8 23. Nd4 Nxd4 24. Bxd4 Nc5 25. fxe7 Bxe7 26. Qf2 Rf8 27. Bf6 Bxf6 28.
Nxf6+ Kh8 29. Qh4 h5 30. Nxh5 gxh5 31. Qxh5+ Kg8 32. Rf6 Ne6 33. Rxc8 Qxc8 34.
g6 fxg6 35. Qxg6+ Ng7 36. Rxd6 Qc1+ 37. Kh2 Bc8 38. e5 Qf4+ 39. Kh1 Qc1+ 40.
Kh2 Qb2 41. Kh1 Bb7 42. Rf6 Qa1+ 0-1

[Event "British Columbia-ch"]
[Site "Vancouver CAN"]
[Date "2022.10.09"]
[Round "4.3"]
[White "Albitar, Hani"]
[Black "Song, Ethan"]
[Result "0-1"]
[WhiteElo "2221"]
[BlackElo "2071"]
[PlyCount "132"]
[EventDate "2022.10.07"]
[EventType "tourn"]
[EventRounds "7"]
[EventCountry "CAN"]

1. d4 Nf6 2. c4 e6 3. Nc3 d5 4. cxd5 exd5 5. Bg5 Be7 6. e3 h6 7. Bh4 O-O 8. Bd3
b6 9. Nge2 Bb7 10. O-O Nbd7 11. Qc2 Re8 12. Rad1 Nf8 13. f3 c5 14. Bb5 N6d7 15.
Bf2 a6 16. Bxd7 Qxd7 17. Nf4 cxd4 18. Rxd4 Ne6 19. Rd2 Nxf4 20. exf4 b5 21.
Rfd1 Bb4 22. Bd4 Rac8 23. Qd3 Rc4 24. f5 Qc7 25. Re2 Rxe2 26. Nxe2 Qd6 27. Qe3
Qe7 28. Qxe7 Bxe7 29. Rd2 a5 30. Kf2 b4 31. b3 Rc8 32. Bb6 Bg5 33. f4 Be7 34.
Bxa5 Bc5+ 35. Ke1 Kf8 36. Rc2 Kg8 37. Nc1 Ba6 38. g3 Kh7 39. Kd2 Be3+ 40. Kd1
Re8 41. Bxb4 d4 42. Rc7 Kg8 43. Bd2 Bg1 44. h4 Bf2 45. Rd7 Bc8 46. Rd5 Bb7 47.
Re5 Rc8 48. Ne2 d3 49. Nc3 Bf3+ 50. Kc1 Bd4 51. Kb2 Rxc3 52. Bxc3 d2 53. Bxd4
d1=Q 54. Bc3 Qd7 55. a4 Bd5 56. Bb4 Qb7 57. Ka3 f6 58. Re8+ Kh7 59. Re7 Qc8 60.
Kb2 Qxf5 61. Re3 Qh3 62. Kc3 Qg2 63. a5 Qa2 64. Kd4 Bxb3 65. a6 Bf7 66. Ra3
Qc4+ 0-1

[Event "British Columbia-ch"]
[Site "Vancouver CAN"]
[Date "2022.10.09"]
[Round "4.4"]
[White "Doknjas, Neil"]
[Black "MacKinnon, Keith"]
[Result "0-1"]
[WhiteElo "2277"]
[BlackElo "2288"]
[PlyCount "88"]
[EventDate "2022.10.07"]
[EventType "tourn"]
[EventRounds "7"]
[EventCountry "CAN"]

1. e4 c5 2. Nf3 e6 3. d4 cxd4 4. Nxd4 a6 5. Nc3 Qc7 6. Bd3 Nf6 7. O-O d6 8. a4
b6 9. f4 Bb7 10. Be3 Nbd7 11. Qf3 g6 12. Rae1 Bg7 13. Qg3 O-O 14. Kh1 Nc5 15.
Bg1 Rad8 16. Nb3 Nh5 17. Qe3 Bxc3 18. bxc3 Nxa4 19. c4 e5 20. f5 f6 21. Qh6 Qg7
22. Qd2 Bc6 23. Be3 g5 24. Qe2 Qf7 25. g4 Nf4 26. Bxf4 exf4 27. Nd4 Rc8 28. c5
Nxc5 29. Bc4 Bxe4+ 30. Kg1 Bd5 31. Ne6 Bxc4 32. Qxc4 Nxe6 33. Qxe6 Rxc2 34.
Qxd6 Qa2 35. Qe6+ Kg7 36. Qxa2 Rxa2 37. Re6 Rb2 38. Rc1 a5 39. Rcc6 a4 40. Rxb6
Rxb6 41. Rxb6 Ra8 42. Rb1 a3 43. Kg2 a2 44. Ra1 Ra3 0-1

[Event "British Columbia-ch"]
[Site "Vancouver CAN"]
[Date "2022.10.09"]
[Round "5.1"]
[White "MacKinnon, Keith"]
[Black "Yang, Jingyun (Ryan)"]
[Result "1/2-1/2"]
[WhiteElo "2288"]
[BlackElo "2133"]
[PlyCount "60"]
[EventDate "2022.10.07"]
[EventType "tourn"]
[EventRounds "7"]
[EventCountry "CAN"]

1. e4 c5 2. Nf3 d6 3. d4 cxd4 4. Nxd4 Nf6 5. Nc3 g6 6. Be3 a6 7. Be2 Bg7 8. O-O
O-O 9. f4 Qc7 10. a4 Nc6 11. Nb3 Na5 12. e5 dxe5 13. fxe5 Rd8 14. exf6 Nxb3 15.
Qb1 Nxa1 16. fxg7 b5 17. Qxa1 b4 18. Nd1 a5 19. c4 Bf5 20. Bf3 Ra6 21. b3 Rd3
22. Qb2 h5 23. Be2 Rd8 24. Nf2 Re6 25. Bc1 Qc5 26. Bf3 Be4 27. Qe2 Bb1 28. Qb2
Be4 29. Qe2 Bb1 30. Qb2 Be4 1/2-1/2

[Event "British Columbia-ch"]
[Site "Vancouver CAN"]
[Date "2022.10.09"]
[Round "5.2"]
[White "Song, Ethan"]
[Black "Doknjas, Neil"]
[Result "0-1"]
[WhiteElo "2071"]
[BlackElo "2277"]
[PlyCount "126"]
[EventDate "2022.10.07"]
[EventType "tourn"]
[EventRounds "7"]
[EventCountry "CAN"]

1. e4 c6 2. d4 d5 3. e5 Bf5 4. Bd3 Bxd3 5. Qxd3 e6 6. Ne2 Ne7 7. O-O Nd7 8. c3
c5 9. b3 Nc6 10. Be3 Qc7 11. Rc1 Be7 12. Nd2 O-O 13. Nf1 Qb6 14. f4 a5 15. Rab1
cxd4 16. Nxd4 Nxd4 17. cxd4 Rfc8 18. Ng3 Rc6 19. Rxc6 bxc6 20. f5 c5 21. Rf1
cxd4 22. Bxd4 Bc5 23. Bxc5 Qxc5+ 24. Kh1 Nxe5 25. Qd2 Ng4 26. fxe6 fxe6 27. Qf4
Nf6 28. Qe5 Re8 29. h3 Nd7 30. Qg5 Qe7 31. Qg4 Nf6 32. Qg5 h6 33. Qg6 Rc8 34.
Re1 Qf7 35. Qd3 Rc6 36. a3 Qc7 37. Qe3 d4 38. Qf3 Rc3 39. Qa8+ Kf7 40. Ne2 Re3
41. Rc1 Qe5 42. Ng1 Ne4 43. Rf1+ Kg6 44. Nf3 Qf4 45. Kg1 Ng3 46. Rd1 Ne2+ 47.
Kh1 Ng3+ 48. Kg1 Ne2+ 49. Kh1 d3 50. Qc6 Kh7 51. b4 axb4 52. a4 Ng3+ 53. Kg1
Ne2+ 54. Kh1 Nd4 55. Nxd4 Qxd4 56. a5 b3 57. a6 d2 58. a7 Re1+ 59. Kh2 Qg1+ 60.
Kg3 Re3+ 61. Kg4 Qxd1+ 62. Kf4 Qe2 63. a8=Q g5# 0-1

[Event "British Columbia-ch"]
[Site "Vancouver CAN"]
[Date "2022.10.09"]
[Round "5.3"]
[White "Kaufman, Raymond"]
[Black "Albitar, Hani"]
[Result "1-0"]
[WhiteElo "2329"]
[BlackElo "2221"]
[PlyCount "71"]
[EventDate "2022.10.07"]
[EventType "tourn"]
[EventRounds "7"]
[EventCountry "CAN"]

1. Nf3 d5 2. c4 d4 3. b4 c5 4. Bb2 Nf6 5. e3 dxe3 6. fxe3 cxb4 7. d4 g6 8. Nbd2
Bh6 9. e4 O-O 10. Bd3 Nbd7 11. e5 Nh5 12. O-O f6 13. Re1 fxe5 14. Nxe5 Nxe5 15.
Rxe5 Nf4 16. Bf1 Bf5 17. Nb3 Bg7 18. Re3 Qc7 19. Qe1 Rae8 20. Qxb4 b6 21. Rae1
Rf7 22. Qd2 Ref8 23. Ba3 Bf6 24. d5 Qd7 25. Nd4 Bh4 26. Nxf5 Qxf5 27. g3 Bg5
28. gxf4 Bxf4 29. Qd3 Qg4+ 30. Bg2 Bxe3+ 31. Qxe3 Rf3 32. Qxe7 Qd4+ 33. Kh1 Qd3
34. Qe6+ R8f7 35. Bd6 Kg7 36. Qe2 1-0

[Event "British Columbia-ch"]
[Site "Vancouver CAN"]
[Date "2022.10.09"]
[Round "5.4"]
[White "Huang, Patrick"]
[Black "McLaren, Brian"]
[Result "1-0"]
[WhiteElo "2213"]
[BlackElo "2107"]
[PlyCount "81"]
[EventDate "2022.10.07"]
[EventType "tourn"]
[EventRounds "7"]
[EventCountry "CAN"]

1. d4 d5 2. Bf4 e6 3. e3 Bd6 4. Bg3 Nf6 5. Nf3 c5 6. c3 O-O 7. Nbd2 Qc7 8. dxc5
Qxc5 9. Bd3 Re8 10. e4 dxe4 11. Bxe4 Be7 12. Qe2 Nbd7 13. Bc2 Qh5 14. O-O-O b6
15. Ne4 Bb7 16. Nd6 Bxf3 17. gxf3 Red8 18. Nb5 Nd5 19. Nc7 Qg5+ 20. Kb1 Rac8
21. h4 Qf6 22. Rxd5 Rxc7 23. Bxc7 exd5 24. Bxd8 Bxd8 25. Qd3 Nf8 26. Qxd5 Bc7
27. Qb7 Bd6 28. Be4 Bc5 29. Qxa7 Bxf2 30. Qa8 h5 31. Qd5 g6 32. Qg5 Qg7 33. f4
Be3 34. Qg3 Bc5 35. f5 Be7 36. fxg6 fxg6 37. Bd5+ Kh7 38. Rf1 Bf6 39. Qd6 Be7
40. Qxb6 Qe5 41. Qd4 1-0

[Event "British Columbia-ch"]
[Site "Vancouver CAN"]
[Date "2022.10.10"]
[Round "6.1"]
[White "Yang, Jingyun (Ryan)"]
[Black "McLaren, Brian"]
[Result "1-0"]
[WhiteElo "2133"]
[BlackElo "2107"]
[PlyCount "135"]
[EventDate "2022.10.07"]
[EventType "tourn"]
[EventRounds "7"]
[EventCountry "CAN"]

1. Nf3 d5 2. g3 Nf6 3. Bg2 c6 4. d3 Bf5 5. b3 h6 6. Bb2 e6 7. Nbd2 Be7 8. O-O
O-O 9. Re1 Nbd7 10. e4 dxe4 11. dxe4 Bh7 12. Qe2 Qc7 13. Rad1 e5 14. a3 Rfe8
15. Nc4 Bf8 16. Nh4 b5 17. Nd2 Rad8 18. c4 Nc5 19. Nb1 Nxb3 20. Rxd8 Rxd8 21.
cxb5 cxb5 22. Qxb5 Nd4 23. Qa4 Qb6 24. Ba1 Nxe4 25. Nc3 Nxc3 26. Bxc3 f6 27.
Ba5 Qa6 28. Bf1 Qd6 29. Bxd8 Qxd8 30. Bg2 Qc7 31. Bd5+ Kh8 32. Qe8 Qe7 33. Ng6+
Bxg6 34. Qxg6 Qd7 35. Be4 f5 36. Bg2 Bd6 37. Kh1 Qe6 38. Qxe6 Nxe6 39. a4 Kh7
40. Rc1 Nd4 41. Rc4 Kg6 42. f4 Kf6 43. Bd5 g5 44. Kg2 gxf4 45. gxf4 Ne2 46.
fxe5+ Kxe5 47. Bf3 Nd4 48. Rc8 Kf4 49. Ba8 a5 50. Rh8 Kg5 51. Rd8 Bc5 52. Rg8+
Kf6 53. Rc8 Bb4 54. Rc4 Ne6 55. Bc6 Kg5 56. Kf3 Kf6 57. Ke2 Ke5 58. Bb5 Nf4+
59. Kf3 Ne6 60. Ke3 Bc5+ 61. Kd2 Bb4+ 62. Kd3 Nf4+ 63. Ke3 Ne6 64. Rh4 Bf8 65.
Rc4 Bc5+ 66. Kd3 Bb4 67. Rc8 Nf4+ 68. Kc4 {Time.} 1-0

[Event "British Columbia-ch"]
[Site "Vancouver CAN"]
[Date "2022.10.10"]
[Round "6.2"]
[White "Albitar, Hani"]
[Black "Huang, Patrick"]
[Result "1-0"]
[WhiteElo "2221"]
[BlackElo "2213"]
[PlyCount "75"]
[EventDate "2022.10.07"]
[EventType "tourn"]
[EventRounds "7"]
[EventCountry "CAN"]

1. d4 Nf6 2. c4 b6 3. Nc3 Bb7 4. d5 e6 5. a3 Bd6 6. Nf3 O-O 7. g3 c6 8. Bg2
exd5 9. cxd5 cxd5 10. O-O Na6 11. b4 Nc7 12. Bb2 Re8 13. Nd4 Ne4 14. Ncb5 Nxb5
15. Nxb5 Be5 16. Bxe5 Rxe5 17. Rc1 Rc8 18. Qd4 Re6 19. Nxa7 Ra8 20. Nb5 Bc6 21.
Nc3 Rxa3 22. Nxe4 dxe4 23. Bh3 Rh6 24. Bf5 Qg5 25. Bxe4 Qh5 26. h4 g5 27. Bxc6
dxc6 28. Ra1 Rxa1 29. Rxa1 Kf8 30. Ra8+ Ke7 31. Ra7+ Ke6 32. Qe4+ Kf6 33. Qe7+
Kg7 34. Qe5+ Kg6 35. Rc7 Qg4 36. f3 Qf5 37. Rxc6+ f6 38. Qe8+ 1-0

[Event "British Columbia-ch"]
[Site "Vancouver CAN"]
[Date "2022.10.10"]
[Round "6.3"]
[White "Doknjas, Neil"]
[Black "Kaufman, Raymond"]
[Result "0-1"]
[WhiteElo "2277"]
[BlackElo "2329"]
[PlyCount "100"]
[EventDate "2022.10.07"]
[EventType "tourn"]
[EventRounds "7"]
[EventCountry "CAN"]

1. e4 e6 2. d4 d5 3. Nc3 Nf6 4. Bg5 Bb4 5. e5 h6 6. Bd2 Bxc3 7. bxc3 Ne4 8. Qg4
Kf8 9. Bd3 Nxd2 10. Kxd2 Qg5+ 11. Qxg5 hxg5 12. h4 c5 13. Nf3 g4 14. Nh2 Nc6
15. Ke3 f5 16. g3 Bd7 17. f3 gxf3 18. Nxf3 Ke7 19. Rhg1 Rhf8 20. Rab1 cxd4+ 21.
cxd4 Na5 22. Nd2 Rac8 23. Rb4 Rc3 24. Nb1 Rc7 25. Na3 b6 26. c4 dxc4 27. Nxc4
Nxc4+ 28. Rxc4 Rxc4 29. Bxc4 Rc8 30. Bb3 a5 31. g4 a4 32. Bxa4 f4+ 33. Kxf4
Bxa4 34. Kg5 Kf7 35. h5 Rc4 36. Rf1+ Kg8 37. Rf4 Bc6 38. h6 Ra4 39. hxg7 Kxg7
40. Rf6 Bd5 41. Rg6+ Kf7 42. Rh6 Rxd4 43. Rh7+ Kg8 44. Ra7 b5 45. a3 Ra4 46.
Rd7 Bf3 47. Kf6 Rf4+ 48. Kg5 Rxg4+ 49. Kf6 Rf4+ 50. Kg6 Be4+ 0-1

[Event "British Columbia-ch"]
[Site "Vancouver CAN"]
[Date "2022.10.10"]
[Round "6.4"]
[White "MacKinnon, Keith"]
[Black "Song, Ethan"]
[Result "1/2-1/2"]
[WhiteElo "2288"]
[BlackElo "2071"]
[PlyCount "44"]
[EventDate "2022.10.07"]
[EventType "tourn"]
[EventRounds "7"]
[EventCountry "CAN"]

1. d4 Nf6 2. c4 e6 3. Nc3 d5 4. cxd5 exd5 5. Bg5 Be7 6. e3 O-O 7. Bd3 h6 8. Bh4
Be6 9. Nge2 Nbd7 10. Nf4 c6 11. O-O Nb6 12. Nxe6 fxe6 13. f4 c5 14. g4 cxd4 15.
exd4 Ne4 16. Bxe7 Qxe7 17. Nxe4 dxe4 18. Bxe4 Rad8 19. Qd2 Qh4 20. Rf3 Qxg4+
21. Kh1 e5 22. Rg1 Rxd4 1/2-1/2

[Event "British Columbia-ch"]
[Site "Vancouver CAN"]
[Date "2022.10.10"]
[Round "7.1"]
[White "Song, Ethan"]
[Black "Yang, Jingyun (Ryan)"]
[Result "0-1"]
[WhiteElo "2071"]
[BlackElo "2133"]
[PlyCount "106"]
[EventDate "2022.10.07"]
[EventType "tourn"]
[EventRounds "7"]
[EventCountry "CAN"]

1. e4 e6 2. d4 c5 3. d5 Nf6 4. dxe6 dxe6 5. Qxd8+ Kxd8 6. Nc3 b6 7. Bf4 Bb7 8.
O-O-O+ Nbd7 9. f3 a6 10. a4 Kc8 11. g4 h6 12. Bc4 Be7 13. Nge2 Bc6 14. Kb1 Kb7
15. Rd3 g5 16. Bg3 h5 17. e5 Nxg4 18. fxg4 h4 19. Rxd7+ Bxd7 20. Be1 Rad8 21.
Rf1 Rhf8 22. Nc1 Bc6 23. Bd3 Rd4 24. Rg1 f6 25. N1e2 Rdd8 26. exf6 Rxf6 27. Ne4
c4 28. Nxf6 cxd3 29. cxd3 Bxf6 30. Nc1 Bxa4 31. Rf1 Be5 32. Bd2 Rd5 33. Rf2 Bd4
34. Re2 Bd7 35. h3 a5 36. Re4 Bf6 37. Re2 a4 38. Ka2 Kc6 39. Bb4 Be5 40. Be7
Bf4 41. Rc2+ Kb7 42. Ne2 Rxd3 43. Nxf4 gxf4 44. Rf2 e5 45. Bxh4 Be6+ 46. Kb1
Bb3 47. Rf1 e4 48. Bg5 e3 49. Bxf4 e2 50. Rc1 Rd1 51. Bg3 b5 52. Be1 Bc4 53. b3
Bd3+ 0-1

[Event "British Columbia-ch"]
[Site "Vancouver CAN"]
[Date "2022.10.10"]
[Round "7.3"]
[White "Huang, Patrick"]
[Black "Doknjas, Neil"]
[Result "1-0"]
[WhiteElo "2213"]
[BlackElo "2277"]
[PlyCount "131"]
[EventDate "2022.10.07"]
[EventType "tourn"]
[EventRounds "7"]
[EventCountry "CAN"]

1. d4 d5 2. Bf4 c5 3. e3 Nc6 4. Nf3 cxd4 5. exd4 Bf5 6. c3 e6 7. Nbd2 Nf6 8.
Qb3 Bd6 9. Qxb7 Bxf4 10. Qxc6+ Kf8 11. Ba6 g5 12. g3 Bxd2+ 13. Nxd2 Rb8 14. b3
g4 15. Qc5+ Kg7 16. Qa3 Ne4 17. Nxe4 Bxe4 18. Rf1 Bg2 19. Rg1 Bf3 20. Be2 Bxe2
21. Kxe2 e5 22. dxe5 Re8 23. Rge1 Qf6 24. Kf1 Rxe5 25. Rxe5 Qxe5 26. Qxa7 Qxc3
27. Rd1 Rb4 28. Qe3 Qc2 29. Qg5+ Kf8 30. Qxd5 Re4 31. Qd8+ Re8 32. Qd6+ Kg8 33.
Qd2 Qc6 34. Kg1 h6 35. Re1 Rxe1+ 36. Qxe1 Qc2 37. Qa1 h5 38. b4 Qc4 39. Qb1 Qb5
40. Qb3 Qe2 41. Qb1 Qb5 42. a3 Kg7 43. Qc1 Kg8 44. Qc8+ Kg7 45. Qa8 f5 46. Qa7+
Kg6 47. Qd4 Qc6 48. Qd1 Qb5 49. Qf1 Qd5 50. a4 Qb3 51. Qa6+ Kg5 52. Qb7 f4 53.
Qg7+ Kf5 54. Qh7+ Kg5 55. gxf4+ Kxf4 56. Qh6+ Kf5 57. Qxh5+ Kf4 58. Qh6+ Kf5
59. Qf8+ Kg5 60. Qc5+ Kh4 61. Qc1 Qe6 62. Qe3 Qf6 63. b5 Kh5 64. Qe4 Qb6 65.
Qd5+ Kh4 66. Qc6 1-0

[Event "British Columbia-ch"]
[Site "Vancouver CAN"]
[Date "2022.10.10"]
[Round "7.4"]
[White "McLaren, Brian"]
[Black "Albitar, Hani"]
[Result "0-1"]
[WhiteElo "2107"]
[BlackElo "2221"]
[PlyCount "68"]
[EventDate "2022.10.07"]
[EventType "tourn"]
[EventRounds "7"]
[EventCountry "CAN"]

1. h4 d5 2. a4 e5 3. h5 Nc6 4. a5 Bc5 5. d3 Nf6 6. h6 gxh6 7. e3 h5 8. Ne2 a6
9. d4 Bd6 10. dxe5 Nxe5 11. Nf4 c6 12. Nxh5 Bg4 13. Be2 Rg8 14. Bxg4 Nexg4 15.
Nxf6+ Qxf6 16. Qf3 Qg6 17. Nd2 Qxc2 18. g3 Qg6 19. Nb3 Ne5 20. Qe2 Qe4 21. Rh5
Qb4+ 22. Nd2 O-O-O 23. Kf1 Rg7 24. Nf3 Ng4 25. Nd4 Nf6 26. Rh4 Ne4 27. Nf5 Rg5
28. Qf3 Qc4+ 29. Kg2 Qd3 30. b4 Be5 31. Ra3 Qc2 32. Rxh7 Bxg3 33. Ne7+ Kb8 34.
Qxf7 Bxf2+ 0-1

[Event "British Columbia-ch U20"]
[Site "Vancouver CAN"]
[Date "2022.11.19"]
[Round "1.1"]
[White "Jiang, William"]
[Black "Zhou, Aiden"]
[Result "0-1"]
[WhiteElo "1675"]
[BlackElo "2230"]
[PlyCount "48"]
[EventDate "2022.11.19"]
[EventType "swiss"]
[EventRounds "5"]
[EventCountry "CAN"]

1. e4 e6 2. d4 d5 3. Nc3 Nf6 4. e5 Nfd7 5. f4 c5 6. Nf3 Nc6 7. Be3 cxd4 8. Nxd4
Bc5 9. Nxc6 bxc6 10. Bxc5 Nxc5 11. Qd4 Qb6 12. b4 Na4 13. Qxb6 axb6 14. Nxa4
Rxa4 15. c3 Ke7 16. Bd3 Ba6 17. Bc2 Ra3 18. Bb3 Bc4 19. Kd2 Rha8 20. Bxc4 dxc4
21. Ke3 Rxc3+ 22. Kd4 Rd3+ 23. Kxc4 Rad8 24. b5 R8d4# 0-1

[Event "British Columbia-ch U20"]
[Site "Vancouver CAN"]
[Date "2022.11.19"]
[Round "1.2"]
[White "Song, Ethan"]
[Black "Mok, Gillian"]
[Result "1-0"]
[WhiteElo "2152"]
[BlackElo "1663"]
[PlyCount "99"]
[EventDate "2022.11.19"]
[EventType "swiss"]
[EventRounds "5"]
[EventCountry "CAN"]

1. e4 e5 2. Nf3 Nc6 3. Bc4 Bc5 4. d3 Nf6 5. O-O d6 6. h3 h6 7. c3 O-O 8. Re1
Be6 9. Bb5 Bb6 10. Nbd2 Ne7 11. Nf1 Ng6 12. Ng3 c6 13. Ba4 d5 14. Qe2 Re8 15.
Bc2 Qd7 16. Be3 Nf4 17. Bxf4 exf4 18. Nf1 Bf5 19. e5 d4 20. Qd2 Nh5 21. Nxd4
Bxd4 22. cxd4 Qxd4 23. Qc3 Qb6 24. Rad1 Rad8 25. Nh2 Re6 26. Nf3 g5 27. d4 Ng7
28. Bxf5 Nxf5 29. b4 Rg6 30. Qd3 Ne7 31. e6 Rxe6 32. Rxe6 fxe6 33. Qe4 Qxb4 34.
Qxe6+ Kh7 35. Qf7+ Kh8 36. Ne5 Rg8 37. Ng4 Rg7 38. Qf8+ Kh7 39. Kh2 Qc4 40.
Nf6+ Kg6 41. Ng4 Qe6 42. Qh8 Ng8 43. Ne5+ Kf6 44. Re1 Qc8 45. Ng4+ Kg6 46. Nxh6
Qb8 47. Ng4 f3+ 48. g3 Rh7 49. Re6+ Kf7 50. Rf6+ 1-0

[Event "British Columbia-ch U20"]
[Site "Vancouver CAN"]
[Date "2022.11.19"]
[Round "1.3"]
[White "Harms, Reece"]
[Black "Qu, Leo"]
[Result "0-1"]
[WhiteElo "1629"]
[BlackElo "2033"]
[PlyCount "54"]
[EventDate "2022.11.19"]
[EventType "swiss"]
[EventRounds "5"]
[EventCountry "CAN"]

1. e4 c6 2. d4 d5 3. e5 Bf5 4. h4 h5 5. Be2 e6 6. Nf3 c5 7. c3 Nc6 8. Bb5 Qb6
9. Qb3 c4 10. Qa4 Bd3 11. Nbd2 Rc8 12. b3 a6 13. Bxc6+ Rxc6 14. b4 Nh6 15. Ng5
Nf5 16. Bb2 Be7 17. Ndf3 O-O 18. g3 f6 19. exf6 gxf6 20. Nh3 Be4 21. Ke2 e5 22.
Rhd1 Bd3+ 23. Kd2 exd4 24. Qa5 dxc3+ 25. Bxc3 Qxa5 26. bxa5 Bc5 27. Nf4 Bxf2
0-1

[Event "British Columbia-ch U20"]
[Site "Vancouver CAN"]
[Date "2022.11.19"]
[Round "1.4"]
[White "Guo, Veronica (Yu Han)"]
[Black "Worya, Daryan Arpak"]
[Result "1-0"]
[WhiteElo "2029"]
[BlackElo "1629"]
[PlyCount "63"]
[EventDate "2022.11.19"]
[EventType "swiss"]
[EventRounds "5"]
[EventCountry "CAN"]

1. d4 d5 2. c4 c6 3. Nc3 Nf6 4. cxd5 cxd5 5. Bf4 Qb6 6. Qd2 Nc6 7. e3 Bf5 8. a3
e6 9. f3 Be7 10. Nb5 O-O 11. Bc7 Qa6 12. Nc3 b5 13. Bxb5 Qb7 14. Bxc6 Qxc6 15.
Bf4 Nd7 16. Nge2 Nb6 17. b3 a5 18. a4 Bb4 19. O-O Rfc8 20. Rfc1 Qd7 21. Qd1 Rc6
22. Nb5 Rac8 23. Rxc6 Rxc6 24. Rc1 Qc8 25. Bc7 Rxc1 26. Nxc1 Na8 27. Bd6 Bc3
28. Bc5 Bb4 29. Nd6 Qc7 30. Nxf5 Bxc5 31. dxc5 Qxc5 32. Nd4 1-0

[Event "British Columbia-ch U20"]
[Site "Vancouver CAN"]
[Date "2022.11.19"]
[Round "1.5"]
[White "Hossain, Azher"]
[Black "Wang, Jerry"]
[Result "1/2-1/2"]
[WhiteElo "1623"]
[BlackElo "2019"]
[PlyCount "91"]
[EventDate "2022.11.19"]
[EventType "swiss"]
[EventRounds "5"]
[EventCountry "CAN"]

1. d4 Nf6 2. c4 c6 3. Nf3 d5 4. e3 Bf5 5. Nc3 e6 6. Nh4 Bg6 7. Qb3 Qb6 8. Nxg6
hxg6 9. Bd2 Nbd7 10. cxd5 Qxb3 11. axb3 exd5 12. Bd3 Bd6 13. h3 a6 14. Ke2
O-O-O 15. Rac1 Rhe8 16. Na4 Kb8 17. b4 Ne4 18. Be1 f5 19. Nc5 Ndxc5 20. bxc5
Bc7 21. Bxe4 Rxe4 22. g3 Rde8 23. Kd3 g5 24. Bd2 Rh8 25. f4 Re6 26. h4 gxh4 27.
gxh4 Bd8 28. Rcg1 Bf6 29. Rg6 Rh5 30. Be1 Re8 31. Rg2 Reh8 32. b3 Kc8 33. Bf2
Kd7 34. Rhg1 Ke6 35. Rh1 Kf7 36. Rgh2 g5 37. fxg5 Bxg5 38. Bg3 Bf6 39. Rf1 Rg8
40. Be1 Ke6 41. Bf2 Rg4 42. Rfh1 Bd8 43. Be1 Bc7 44. Rh3 Rg2 45. Bc3 Bg3 46.
Be1 1/2-1/2

[Event "British Columbia-ch U20"]
[Site "Vancouver CAN"]
[Date "2022.11.19"]
[Round "1.6"]
[White "Wu, Nathan"]
[Black "Mok, Erwin Jun-Han"]
[Result "1-0"]
[WhiteElo "2015"]
[BlackElo "1620"]
[PlyCount "54"]
[EventDate "2022.11.19"]
[EventType "swiss"]
[EventRounds "5"]
[EventCountry "CAN"]

1. d4 d5 2. Bf4 c5 3. Nc3 Nc6 4. e3 cxd4 5. exd4 a6 6. Nf3 f6 7. h3 h5 8. Bd3
Be6 9. Bg6+ Bf7 10. Qd3 e6 11. Nh4 Nge7 12. O-O-O Qd7 13. Rhe1 Rc8 14. Kb1 Nd8
15. Bxf7+ Kxf7 16. Nf3 Ng6 17. Bd2 Bd6 18. g4 Nf4 19. Bxf4 Bxf4 20. Nh4 Rh6 21.
gxh5 f5 22. Ng6 Bd6 23. Qf3 Nc6 24. Rg1 Ne7 25. Ne5+ Bxe5 26. dxe5 Rch8 27. Rg5
g6 1-0

[Event "British Columbia-ch U20"]
[Site "Vancouver CAN"]
[Date "2022.11.19"]
[Round "1.7"]
[White "Xu, Joey"]
[Black "Jiang, Kate"]
[Result "0-1"]
[WhiteElo "1603"]
[BlackElo "2006"]
[PlyCount "54"]
[EventDate "2022.11.19"]
[EventType "swiss"]
[EventRounds "5"]
[EventCountry "CAN"]

1. e4 e5 2. Nf3 Nc6 3. d4 exd4 4. Bc4 Bc5 5. c3 Nf6 6. e5 d5 7. Bb5 Ne4 8. cxd4
Bb6 9. O-O O-O 10. Nc3 Bg4 11. Bxc6 bxc6 12. Be3 f6 13. e6 Bxe6 14. Na4 Bg4 15.
h3 Bh5 16. Rc1 Qd6 17. Nc3 f5 18. Ne2 f4 19. Bd2 Bxf3 20. gxf3 Ng5 21. Kg2 Qe6
22. Rh1 Nxf3 23. Nxf4 Nh4+ 24. Kf1 Qe4 25. Rh2 Rxf4 26. Bxf4 Qxf4 27. Qc2 Qxh2
0-1

[Event "British Columbia-ch U20"]
[Site "Vancouver CAN"]
[Date "2022.11.19"]
[Round "1.8"]
[White "Yang, Brian"]
[Black "Gao, Justin"]
[Result "1-0"]
[WhiteElo "1967"]
[BlackElo "1582"]
[PlyCount "51"]
[EventDate "2022.11.19"]
[EventType "swiss"]
[EventRounds "5"]
[EventCountry "CAN"]

1. e4 c5 2. Nf3 e6 3. d4 cxd4 4. Nxd4 a6 5. Bd3 Bc5 6. Nb3 Ba7 7. Qg4 Nf6 8.
Qe2 d6 9. Bg5 h6 10. Bh4 g5 11. Bg3 e5 12. Nc3 Nc6 13. O-O-O Nd4 14. Nxd4 Bxd4
15. Nd5 Nxd5 16. exd5 Qe7 17. c3 Ba7 18. Rhe1 h5 19. h3 Bd7 20. f4 gxf4 21.
Bxf4 O-O-O 22. Bxa6 bxa6 23. Qxa6+ Kc7 24. Re4 Ra8 25. Rc4+ Bc5 26. Rxc5+ 1-0

[Event "British Columbia-ch U20"]
[Site "Vancouver CAN"]
[Date "2022.11.19"]
[Round "1.9"]
[White "Partovirad, Diba"]
[Black "Xu, Andrew"]
[Result "0-1"]
[WhiteElo "1581"]
[BlackElo "1959"]
[PlyCount "75"]
[EventDate "2022.11.19"]
[EventType "swiss"]
[EventRounds "5"]
[EventCountry "CAN"]

1. d4 Nf6 2. c4 g6 3. Nc3 d5 4. cxd5 Nxd5 5. e4 Nxc3 6. bxc3 Bg7 7. Bc4 c5 8.
Ne2 O-O 9. O-O Nc6 10. Be3 Qc7 11. dxc5 Ne5 12. Bb3 Bd7 13. f3 Bb5 14. Bd4 Rad8
15. Qc2 Bd3 16. Qd2 Ba6 17. Qe3 Nc4 18. Qf2 e5 19. Bxc4 Bxc4 20. Be3 Rd3 21.
Rfd1 Rfd8 22. Rxd3 Rxd3 23. Ng3 Bf8 24. Rc1 Rxe3 25. Qd2 Bxc5 26. Kh1 Qd6 27.
Qc2 Rd3 28. h3 b5 29. a4 Rd2 30. Qb1 bxa4 31. Kh2 Qb6 32. Qa1 a3 33. Rb1 Rb2
34. Rd1 a2 35. Rd8+ Kg7 36. Qd1 a1=Q 37. Qxa1 Rb1 38. Qa4 0-1

[Event "British Columbia-ch U20"]
[Site "Vancouver CAN"]
[Date "2022.11.19"]
[Round "1.10"]
[White "Leong, Aiden"]
[Black "Zhang, Raymond Tangning"]
[Result "1-0"]
[WhiteElo "1955"]
[BlackElo "1522"]
[PlyCount "67"]
[EventDate "2022.11.19"]
[EventType "swiss"]
[EventRounds "5"]
[EventCountry "CAN"]

1. Nf3 d5 2. g3 Nf6 3. Bg2 Bf5 4. b3 c5 5. Bb2 e6 6. O-O Nbd7 7. d3 Be7 8. Nbd2
Qc7 9. c4 d4 10. b4 e5 11. bxc5 Nxc5 12. Nb3 Nfd7 13. Nfd2 O-O 14. Ba3 Rfe8 15.
Bxc5 Nxc5 16. Nxc5 Bxc5 17. Qb3 Rab8 18. a4 b6 19. Rfb1 Bd7 20. Rb2 Bc6 21.
Bxc6 Qxc6 22. Rab1 f5 23. Qc2 a5 24. Rb5 Bb4 25. Qa2 Kh8 26. Nf3 Qd6 27. c5
bxc5 28. Ng5 Qe7 29. Nf7+ Kg8 30. Nxe5+ Kh8 31. Nf7+ Kg8 32. Nd8+ Kh8 33. Rxb8
Rxd8 34. Rb6 1-0

[Event "British Columbia-ch U20"]
[Site "Vancouver CAN"]
[Date "2022.11.19"]
[Round "2.1"]
[White "Zhou, Aiden"]
[Black "Leong, Aiden"]
[Result "1/2-1/2"]
[WhiteElo "2230"]
[BlackElo "1955"]
[PlyCount "62"]
[EventDate "2022.11.19"]
[EventType "swiss"]
[EventRounds "5"]
[EventCountry "CAN"]

1. d4 Nf6 2. c4 e6 3. g3 d5 4. Bg2 dxc4 5. Nf3 Be7 6. O-O O-O 7. Qc2 a6 8. a4
b6 9. Ne5 Nd5 10. Rd1 Bb7 11. Qxc4 b5 12. Qb3 c6 13. e4 Nf6 14. Nc3 Nbd7 15.
Be3 Nxe5 16. dxe5 Nd7 17. f4 Qc7 18. Rac1 Bc5 19. Ne2 Bxe3+ 20. Qxe3 Rfd8 21.
axb5 axb5 22. Rd6 Nb6 23. b3 Ra3 24. Qd2 Rda8 25. Nd4 Ra1 26. Ne2 h6 27. h4 c5
28. Rxa1 Rxa1+ 29. Kh2 c4 30. Qd4 Ra6 31. b4 Kh7 1/2-1/2